Normal view
MARC view
- BIOGRAPHY-GOTOM BUDH
Entry Topical Term
001 - CONTROL NUMBER
- control field: 65630
003 - CONTROL NUMBER IDENTIFIER
- control field: NUST
005 - DATE AND TIME OF LATEST TRANSACTION
- control field: 20210628203451.0
008 - FIXED-LENGTH DATA ELEMENTS
- fixed length control field: 210628|| aca||aabn | a|a d
040 ## - CATALOGING SOURCE
- Original cataloging agency: NUST
- Transcribing agency: NUST
150 ## - HEADING--TOPICAL TERM
- Topical term or geographic name entry element: BIOGRAPHY-GOTOM BUDH
670 ## - SOURCE DATA FOUND
- Source citation: Work cat.: (NUST): .Krishan Komar 65629, Gotom budh, raj mahal say jangale tak, 2002
